Platón

Uloženo v:
Podrobná bibliografie
Hlavní autor: Friedländer, Paul (Autor)
Médium: Kniha
Jazyk:němčina
Vydáno: Berlín Walter de Gruyter 1957
Témata:
Tagy: Přidat tag
Žádné tagy, Buďte první, kdo vytvoří štítek k tomuto záznamu!

MARC

LEADER 00000nam a2200000 a 4500
001 UCY7036
003 CL-VaPUC
008 950602e19570000GW |||||||||||||||||ger|d
082 0 4 |a 184  |b FRI  |2 21 
100 0 |a Friedländer, Paul  |e author  |9 337305 
245 1 0 |a Platón 
300 |a v 
942 |c BK 
945 |d 19950602 00:00:00  |a oaravena 
260 |a Berlín  |b Walter de Gruyter  |c 1957 
500 |a v.2: Die Platonischen Schriften Erste Periode 
500 |a v.3: Die Platonischen Schriften Zweite und Dritte Periode 
600 0 7 |a PROTAGORAS  |2 CL-VaPUC  |9 335223 
600 0 7 |a PLATON  |2 CL-VaPUC  |9 222 
600 0 7 |a MENEXENOS  |2 CL-VaPUC  |9 337306 
600 0 |a Parménides  |d ca. 515 A.C.-ca. 470 A.C.  |9 870085 
650 0 |a Filosofía   |9 223554 
650 0 |a Filosofía antigua   |9 255705 
650 0 |a Política  |9 255312 
650 0 |a Amor  |9 257817 
650 7 |a SOFISTAS  |2 CL-VaPUC  |9 337307 
650 0 |a Filosofía del espíritu  |9 320175 
651 0 |a Grecia  |9 265314 
583 |a last modification  |c 19950602 00:00:00  |k Rodrigo Vera 
999 |c 234510  |d 234508 
952 |0 0  |1 0  |4 0  |6 184_000000000000000_FRI_1957  |7 0  |8 P  |9 240948  |a BIBEDU  |b BIBEDU  |c BIBEDU_PB  |d 2019-11-18  |h v.2  |i 1514679  |o 184 FRI 1957  |p 1514679  |r 2024-01-25  |w 2019-11-18  |y BK  |k FIL 
952 |0 0  |1 0  |4 0  |6 184_000000000000000_FRI_1957  |7 0  |8 P  |9 240949  |a BIBEDU  |b BIBEDU  |c BIBEDU_PB  |d 2019-11-18  |h v.3  |i 1514687  |o 184 FRI 1957  |p 1514687  |r 2024-01-25  |w 2019-11-18  |y BK  |k FIL